| 000 | 00372nam a2200145Ia 4500 | ||
|---|---|---|---|
| 008 | 240624s9999 xx 000 0 und d | ||
| 041 | _aeng | ||
| 082 | _a337 KRU | ||
| 100 | _aKRUGMAN RAUL R | ||
| 245 | _aINTERNATIONAL ECONOMICS THEORY AND POLIC | ||
| 250 | _a(8th ed.) | ||
| 260 |
_c2011 _aNew Delhi _bPearson |
||
| 300 | _axxviii, : 705 : p. : 23 : cm. | ||
| 365 | _cRS | ||
| 999 |
_c22665 _d22665 |
||